00740cam a22002057a 4500003000500000005001700005008004100022010001000063011001000073035001000083040000900093100002500102245020400127260004100331300002200372502007700394650002300471650001600494650002400510CHAP20220329141848.0980313d1997 mx r 00110 spa d a74940 a75912 a85485 cCHAP00aVital Tapia, Felipe.10aEvaluación de fungicidas para el control de la pudrición basal (Fusarium oxysporium Schelect f sp. cepae (Hanz) Snyd Hans) de ajo (Allium sativum L) en Chapingo, Méxicoc/por Felipe Vital Tapia aChapingo, Méx. :bEl autor,c1997. a62 h. :bgráfs. aTesis (Ing. Agr. Esp. en Fitotecnia) -- UACH. Departamento de Fitotecnia14aAjoxEnfermedades.14aFungicidas.14aFusarium oxysporum.